| 000 | 00902nam a22002897a 4500 | ||
|---|---|---|---|
| 001 | 0011603 | ||
| 003 | DO-SdBNP | ||
| 005 | 20170914142118.0 | ||
| 007 | 0011603 | ||
| 008 | 161010b 2001 sp| |||| |||| 00| 0 spa d | ||
| 020 | _a8449415357 | ||
| 040 |
_aBPMSU _bspa _cBPMSU |
||
| 082 | 4 |
_aR463.1 _bD545i |
|
| 245 |
_a Diccionario ilustrado océano de la lengua española / _credacción y corrección Ana Aguera ... [et al ; dirección Carlos Gispert |
||
| 260 | 0 |
_aBaarcelona : _bOceano, _c2001 |
|
| 300 |
_a1192 p. : _c26 cm. _e+ CD-ROM |
||
| 500 | _aIncluye CD- Rom | ||
| 650 | 4 |
_aESPAÑOL _x _vDICCIONARIOS |
|
| 700 | 1 | 2 |
_aGispert, Carlos, _eed. |
| 700 | 1 |
_aGárriz, José, _edir. ed. |
|
| 700 | 1 | _aAguera, Ana | |
| 710 | _aOCÉANO | ||
| 910 | _aValidado. Control de calidad MFF | ||
| 942 |
_2ddc _cBK |
||
| 945 | _aInventariado / 2017 VM | ||
| 956 |
_aVMATEO _b10 _c20161018 _dBPMSU _20069 |
||
| 999 |
_c11596 _d11596 |
||